Christ and the meaning of life: (Record no. 13974)

000 -LEADER
fixed length control field 00723nam a2200205 a 4500
001 - CONTROL NUMBER
control field :::00011798$&:&@@
003 - CONTROL NUMBER IDENTIFIER
control field OkBaRHE
005 - DATE AND TIME OF LATEST TRANSACTION
control field 20000607103412.0
008 - FIXED-LENGTH DATA ELEMENTS--GENERAL INFORMATION
fixed length control field s1962 j 000 0 eng u
040 ## - CATALOGING SOURCE
Transcribing agency
100 1# - MAIN ENTRY--PERSONAL NAME
Personal name Thielicke, Helmut, 1908-
245 10 - TITLE STATEMENT
Title Christ and the meaning of life:
Remainder of title a book of sermons and meditations.
260 ## - PUBLICATION, DISTRIBUTION, ETC. (IMPRINT)
Place of publication, distribution, etc London, UK:EN., :
Name of publisher, distributor, etc James Clarke and Company
Date of publication, distribution, etc c1962
300 ## - PHYSICAL DESCRIPTION
Extent 186 p. ;
Dimensions 21 cm.
650 ## - SUBJECT ADDED ENTRY--TOPICAL TERM
Topical term or geographic name as entry element Lutheran Church
General subdivision Sermons
650 ## - SUBJECT ADDED ENTRY--TOPICAL TERM
Topical term or geographic name as entry element Sermons, English
General subdivision Translations into German
650 ## - SUBJECT ADDED ENTRY--TOPICAL TERM
Topical term or geographic name as entry element Sermons, German
General subdivision Translations into English
942 ## - ADDED ENTRY ELEMENTS (KOHA)
Source of classification or shelving scheme
Koha item type Books
Copies
Withdrawn status Not for loan Barcode Full call number Koha item type Shelving location Price effective from Copy number Source of classification or shelving scheme Date acquired Permanent Location Damaged status Date last seen Lost status
  11798BX 8066 .T46C5BooksGeneral Stacks2010-04-141 2010-04-14RHEMA Bible Training College 2010-04-14